| 000 | 00850nam a22002177a 4500 | ||
|---|---|---|---|
| 001 | 63629 | ||
| 003 | UA-OsUOA | ||
| 005 | 20220516140438.0 | ||
| 007 | ta | ||
| 008 | 20091012b un ||||| |||| 00| 0 ukr d | ||
| 040 |
_aUA-OsUOA _bukr _cUA-OsUOA _dUA-OsUOA |
||
| 041 | _aukr | ||
| 080 | _a311.313(477.81) | ||
| 090 |
_a311.313(477.81) _bП78 |
||
| 245 |
_aПродаж сільськогосподарськими підприємствами продукції рослинництва та тваринництва по всіх каналах реалізації за 2008 рік _bстатистичний бюлетень _cТ. Ю. Бутковська |
||
| 260 |
_aРівне _bГУС _c2009 |
||
| 300 | _a48 с. | ||
| 650 | 7 |
_a311 Статистика як наука. Теорія статистики _2UDC |
|
| 942 |
_cBK _2udc |
||
| 955 | _a2 | ||
| 999 |
_c349632 _d349632 |
||